Loreto College Library, Kolkata
WEBOPAC (ONLINE PUBLIC ACCESS CATALOGUE)

Real analysis (Record no. 42045)

MARC details
000 -LEADER
fixed length control field 00533nam a22002057a 4500
005 - DATE AND TIME OF LATEST TRANSACTION
control field 20190402102439.0
008 - FIXED-LENGTH DATA ELEMENTS--GENERAL INFORMATION
fixed length control field 190402b xxu||||| |||| 00| 0 eng d
020 ## - ISBN | অাই এস বি এন
ISBN | অাই এস বি এন 978052169624
PRICE Rs. 595.0
040 ## - CATALOGING SOURCE
Original cataloging agency Loreto College
041 ## - LANGUAGE CODE
Language code English
082 ## - DDC | ডিউই
Classification number | বর্গসংখ্যা 515.8
Book Number | গ্রন্থাঙ্ক CAR
100 ## - MAIN ENTRY--PERSONAL NAME | মুখ্য সংলেখ - ব্যাক্তিনাম
Personal name | ব্যাক্তিনাম Carothers, N.L.
245 ## - TITLE STATEMENT | অাখ্যা বিবরণী
Title | অাখ্যা Real analysis
Statement of responsibility | লেখকের দায়িত্বের বিবরণ N.L.Carothers
260 ## - IMPRINT | প্রকাশনা ক্ষেত্র
Place of publication | প্রকাশ স্থান Cambridge
Name of publisher | প্রকাশকের নাম Camberidge University Press
Date of publication | প্রকাশ কাল 2006
300 ## - PHYSICAL DESCRIPTION |
Page / Vol. No | পৃষ্ঠা / খন্ড সংখ্যা 401 P.
Other physical details | অনান্য বাহ্যিক বিবরণ 24 cm.
504 ## - BIBLIOGRAPHY, ETC. NOTE
Bibliography, etc Topic index
650 ## - SUBJECT ADDED ENTRY--TOPICAL TERM | বিষয় শিরোনাম - মূল বিষয়
Topical term | মূল বিষয় Real Analysis
850 ## - HOLDING INSTITUTION
Holding institution LCLIB
942 ## - ADDED ENTRY ELEMENTS (KOHA)
Koha item type Books
Holdings
Withdrawn status Lost status Source of classification Damaged status Not for loan Home library Current library Date acquired Price Total Checkouts Full call number Accession No. Date last seen Price effective from Koha item type
    Dewey Decimal Classification     Loreto College Loreto College 02/04/2019 0.00   515.8 CAR 52925 46009 02/04/2019 02/04/2019 Books